Toulouse Football Club - Tous les joueurs de 2010 à 2025 - Statistiques

Statistiques générales
  • Ce quiz a été pris 111 fois
    37 depuis la dernière actualisation
  • Le résultat moyen est 48 sur 192
Statistiques - réponses
Saisons Nationalité Joueur Nombre
De Matchs
Poste % Correct
2023 - France GuillaumeRestes 74 G
81%
2020 - 2023 Pays - Bas BrancoVan Den Boomen 121 M
78%
2013 - 2017 Danemark MartinBraithwaite 149 A
78%
2010 - 2016 France WissamBen Yedder 174 A
78%
2007 - 2011 France André - PierreGignac 119 A
74%
2015 - 2018 CoteD'Ivoire AlbanLafont 106 G
63%
2023 - Norvège AronDonnum 72 M
63%
2024 - Angleterre CharlieCresswell 34 D
63%
2023 - Vénezuéla CristianCasseres 76 M
63%
2023 - France YannGboho 52 M/A
63%
2017 - 2020 CoteD'Ivoire Max - AlainGradel 96 A
59%
2007 - 2013 France MoussaSissoko 220 M
59%
2021 - 2025 Danemark RasmusNicolaisen 126 D
59%
2022 - 2025 Suisse VincentSierro 90 M
59%
2024 - France DjibrilSidibe 28 D
56%
2018 - 2021 France KalidouSidibé 34 M
56%
2021 - 2024 Cap - Vert LoganCosta 58 D
56%
2022 - 2024 Pays - Bas ThijsDallinga 86 A
56%
2022 - 2025 Maroc ZakariaAboukhlal 83 A
56%
2012 - 2013 France AdrienRabiot 13 M
52%
2010 - 2016 Comores AliAhamada 141 G
52%
2020 - 2023 Belgique BrechtDejaegere 100 M
52%
2008 - 2013 Norvège DanielBraaten 179 A
52%
2007 - 2013 France EtienneCapoue 196 M
52%
2008 - 2016 France EtienneDidot 248 M
52%
2012 - 20152016 - 2020 2021 - 2023 Guinée IssiagaSylla 211 D
52%
2011 - 2014 Tunisie AymenAbdennour 82 D
48%
2022 - 2025 Chili GabrielSuazo 97 D
48%
2015 - 2018 France IssaDiop 95 D
48%
2016 - 2019 Suède JimmyDurmaz 90 M
48%
2009 - 2016 Maroc AdrienRegattin 163 M
44%
2019 - 2023 France AnthonyRouault 86 D
44%
2016 - 2019 France ChristopherJullien 108 D
44%
2020 - 2021 Colombie DeiverMachado 35 D
44%
2024 - Etats - Unis MarkMcKenzie 33 D
44%
2020 - 2023 France MaximeDupé 116 G
44%
2021 - 2024 Danemark MikkelDesler 103 D
44%
2016 - 2018 Suède OlaToivonen 66 M/A
44%
2013 - 2017 Argentine OscarTrejo 136 M
44%
2004 - 2017 France PantxiSirieix 260 M
44%
2009 - 2012 Portugal PauloMachado 100 M
44%
2020 - 2023 Angleterre RhysHealey 77 A
44%
2014 - 2019 France YannBodiger 79 M
44%
2021 - 2023 Japon AdoOnaiwu 80 A
41%
2021 - 2025 Australie DenisGenreau 80 M
41%
2008 - 2013 France FranckTabanou 153 D/M
41%
2011 - 2014 CoteD'Ivoire Serge Aurier 80 D
41%
2020 - 2022 Pays - Bas StijnSpierings 138 M
41%
2022 - Norvège WarrenKamanzi 72 D
41%
2018 - 2020 Belgique AaronLeya Iseka 57 A
37%
2019 - 2021 Maroc AmineAdli 43 A
37%
2023 - Cameroun FranckMagri 72 A
37%
2013 - 2019 Suisse FrançoisMoubandje 147 D
37%
2011 - 2017 CoteD'ivoire Jean - DanielAkpa - Akpro 132 M
37%
2024 - 2025 Norvège JoshuaKing 30 A
37%
2019 - 2024 Mali MoussaDiarra 109 D
37%
2011 - 2019 BurkinaFaso SteeveYago 140 D
37%
2016 - 2017 Gabon YronduMusavu - King 3 D
37%
2013 - 2016 Colombie AbelAguilar 55 M
33%
2014 - 2018 France AlexisBlin 92 M
33%
2016 - 2018 Algérie AndyDelort 51 A
33%
2005 - 2011 Guinée FodéMansaré 153 A
33%
2016 - 2020 CoteD'Ivoire IbrahimSangaré 86 M
33%
2022 - 20232024 - Norvège KjetilHaug 12 G
33%
2018 - 2021 France ManuKoné 59 M
33%
2004 - 2012 Mali MohamedFofana 140 D
33%
2011 - 2017 Serbie PavleNinkov 120 D
33%
2021 - 2023 Brésil RafaelRatao 64 A
33%
2018 - 2022 France BafodéDiakité 83 D
30%
2013 - 2014 France ClémentChantome 28 M
30%
2004 - 2012 France DanielCongré 227 D
30%
2022 - 2023 Algérie FarèsChaibi 43 M
30%
2007 - 2011 Argentine MauroCetto 114 D
30%
2020 - 2024 Finlande NaatanSkytta 36 M
30%
2023 - Allemagne NiklasSchmidt 39 M
30%
2011 - 2012 Turquie UmutBulut 32 A
30%
2014 - 2016 Serbie AleksandarPesic 65 A
26%
2018 - 2020 France BaptisteReynet 55 G
26%
2023 - 2024 Espagne CésarGelabert 25 M
26%
2007 - 2013 Sénégal CheikhM'Bengué 159 D
26%
2022 - 2024 France ChristianMawissa 25 D
26%
2019 - 2021 Grèce EfthymiosKoulouris 39 A
26%
2018 - 2019 Espagne ManuGarcia 34 M
26%
2024 - Algérie RafikMessali 16 M
26%
2015 - 2018 Brésil Somalia 94 M
26%
2018 - 2021 Cap - Vert StevenMoreira 68 D
26%
2021 - 2024 Maroc YanisBegraoui 52 A
26%
2017 - 2020 France YayaSanogo 72 A
26%
2023 - Espagne AlexDominguez 4 G
22%
2018 - 2020 Japon GenShoji 21 D
22%
2014 - 2016 Cameroun Jean - ArmelKana - Biyik 32 D
22%
2016 - 2021 France KelvinAmian 156 D
22%
2018 - 2020 Togo MathieuDossevi 64 A
22%
2015 - 2021 Uruguay MauroGoicoechea 33 G
22%
2022 - 2023 Bosnie SaidHamulic 9 A
22%
2020 - 2021 Belgique SébastienDewaest 17 D
22%
2023 - 2025 Gabon ShavyBabicka 48 A
22%
2013 - 2016 Serbie UrosSpajic 71 D
22%
2019 - 2021 France WesleySaid 25 A
22%
2012 - 2013 Israel EdenBen Basat 36 A
19%
2017 - 2019 RepubliqueDémocratique Du Congo FirminMubele 29 A
19%
2017 - 2018 RépubliqueDémocratique Du Congo GiannelliImbula 32 M
19%
2014 - 2016 RépubliqueDémocratique Du Congo MarcelTisserand 58 D
19%
2018 - 2022 France NathanNgoumou 59 A
19%
2023 - France NoahEdjouma 13 A
19%
2019 - 2021 Norvège RubenGabrielsen 50 D
19%
2014 - 2017 Mali TongoDoumbia 66 M
19%
2019 - 2020 France WilliamVainqueur 22 M
19%
2009 - 2012 France YohannPelé 23 G
19%
2014 - 20162017 - 2018 France ZinédineMachach 26 M
19%
2016 - 2018 France ClémentMichelin 21 D
15%
2016 - 2020 France CorentinJean 79 A
15%
2016 - 2017 Belgique DodiLukébakio 6 A
15%
2013 - 20152016 - 2017 Serbie DusanVeskovac 29 D
15%
2010 - 2011 Paraguay FedericoSantander 25 A
15%
2020 - 2023 Suède IsakPettersson 9 G
15%
2024 - 2025 France JaydeeCanvot 20 D
15%
2016 - 2017 France JessyPi 17 M
15%
2012 - 2014 France JonathanZébina 41 D
15%
2024 - 2025 Slovénie MihaZajc 22 M
15%
2016 - 2017 France OdsonneEdouard 17 A
15%
2013 - 2015 France ZacharieBoucher 31 G
15%
2019 - 2021 Uruguay AgustinRogel 12 D
11%
2023 - 2024 Pays - Bas IbrahimCissoko 15 A
11%
2019 - 2021 France JanisAntiste 39 A
11%
2009 - 2019 France MarcVidal 4 G
11%
2016 - 2017 France MathieuCafaro 5 A
11%
2009 - 2011 France MathieuValverde 44 G
11%
2024 - 2025 Roumanie UmitAkdag 12 D
11%
2022 - 2023 Serbie VeljkoBirmancevic 30 A
11%
2004 - 20072008 - 2011 France XavierPentecote 43 A
11%
2017 - 2019 France YannickCahuzac 50 M
11%
2010 - 2011 Algérie YannisTafer 17 M/A
11%
2014 - 2016 Maroc YoussefBen Ali 5 A
11%
2009 - 2012 France AntoineDevaux 60 M
7%
2014 - 2015 Roumanie DragosGrigore 29 D
7%
2011 - 2013 France EmmanuelRivière 47 A
7%
2018 - 2019 France Jean - ClairTodibo 10 D
7%
2021 - 2022 Jamaique JuniorFlemmings 3 A
7%
2020 - 2024 Cameroun KévinKeben 23 D
7%
2014 - 2015 Algérie MaximeSpano 4 D
7%
2011 - 2012 France MickaelFirmin 8 D
7%
2019 - 2020 France NicolasIsimat - Mirin 16 D
7%
2022 - 2024 Suède OliverZanden 6 D
7%
2012 - 2014 France OlivierBlondel 9 G
7%
2011 - 2012 France RémyRiou 1 G
7%
2020 - 2021 Suissse SamuelKasongo 1 M
7%
2008 - 20092010 - 2011 Danemark SorenLarsen 12 A
7%
2017 - 2019 Cap - Vert StevenFortes 6 D
7%
2022 - 2023 Grèce TeocharisTsingaras 4 M
7%
2012 - 2013 Maroc AdilHermach 9 M
4%
2019 - 2021 France AdilTaoui 3 A
4%
2010 - 2011 Uruguay AdrianGunino 31 D
4%
2009 - 2011 Cameroun DannyNounkeu 26 D
4%
2013 - 2014 Pologne DominikFurman 5 M
4%
2017 - 2018 Maroc DrissKhalid 1 M
4%
2013 - 2014 France DrissTrichard 2 D
4%
2018 - 2019 France HakimEl Mokeddem 4 M
4%
2020 - 2021 France IliesSoudani 1 M
4%
2020 - 2021 France Jean - PhilippeCélestin 2 D
4%
2019 - 2020 France Jean - VictorMakengo 22 M
4%
2018 - 2019 TrinidadTobago JohnBostock 20 M
4%
2011 - 2013 Portugal KévinRodrigues 2 D
4%
2019 - 2020 Croatie LovreKalinic 4 G
4%
2020 - 20222023 - 2024 BurkinaFaso MamadyBangré 22 A
4%
2024 - 2025 France MathisSaka 1 M
4%
2013 - 2016 Roumanie MihaiRoman 5 A
4%
2023 - France NoahLahmadi 1 M
4%
2020 - 2021 France SachaSemaoun 3 D
4%
2020 - 2022 France SamSanna 44 M
4%
2018 - 2019 Cameroun StéphaneMbia 5 M
4%
2020 - 2022 Cameroun StéphaneZobo 5 A
4%
2020 - 2022 Cameroun SteveMvoué 12 M
4%
2020 - 2022 Martinique TomRapnouil 7 D
4%
2020 - 2021 CoteD'Ivoire VakounBayo 36 A
4%
2012 - 2013 Portugal YannickDjalo 20 A
4%
2010 - 2012 France AmadouSoukouna 5 A
0%
2013 - 2014 France DanyMaury 2 D
0%
2024 - 2025 Algérie EdhyZuliani 2 M
0%
2020 - 2021 France FlorentinBloch 1 G
0%
2011 - 2012 France HenrickCakin 2 D
0%
2013 - 2014 Algérie IliasHassani 1 D
0%
2011 - 2012 France Jean - DavidBeauguel 1 A
0%
2009 - 2011 Cameroun Jean - JoelPerrier - Doumbé 5 D
0%
2019 - 2021 France MathieuGonçalves 6 D
0%
2013 - 2014 Algérie MehdiFennouche 2 A
0%
2015 - 20182019 - 2020 France QuentinBoisgard 33 M
0%
2016 - 2017 France QuentinDepehi 1 A
0%
2010 - 2011 Maroc RédahAtassi 1 D
0%
2014 - 2015 France SamiLarabi 1 D
0%
2014 - 2016 Brésil WilliamMatheus 25 D
0%
2011 - 2013 Bénin YanickAguemon 3 A
0%
Aucun quiz correspondant
Distribution des résultats
% des personnes avec chaque résultat
Percentile par nombre de réponses
Votre historique - résultats
Vous n’avez pas pris ce quiz depuis la dernière actualisation